| 000 | 00731nam a2200217 a 4500 | ||
|---|---|---|---|
| 999 |
_c4478 _d4478 |
||
| 001 | 4478 | ||
| 003 | BD-JhCC | ||
| 005 | 20181118134015.0 | ||
| 008 | 171127s2000 ii |||| ||a| 00| 0 en d | ||
| 035 | _a(BD-JhCC)4478 | ||
| 040 |
_aBD-JhCC _dBD-JhCC |
||
| 041 | _aben | ||
| 082 |
_a182.9 _bARI 2000 |
||
| 100 | _aঅ্যারিস্টটল, থেলস | ||
| 245 |
_aপাশ্চাত্ত্য দর্শনের সংক্ষিপ্ত ইতিহাস / _cথেলস অ্যারিস্টটল |
||
| 260 |
_aকোলকাতা : _bব্যানার্জী পাবলিশা, _c2000. |
||
| 300 |
_a392 p. : _c23 cm. |
||
| 650 | _aPhilosophy | ||
| 942 |
_2ddc _cBK _01 |
||